000 00604nam a2200229Ia 4500
003 OSt
005 20220924145615.0
006 a|||||r|||| 00| 0
007 ta
008 220923b |||||||| |||| 00| 0 tel d
024 _a329538
037 _cTextual
040 _aARTS
_cARTS
_btel
041 _2tel
_atel
082 _aO113,3x, 35K7
100 _aPadmaraju P. Tr.
_9220168
245 0 _aPrasata aadhunika German kathaanikalu
260 _c1967
650 _aGERMAN LITERATURE
_915713
942 _hO113,3x, 35K7
_cTEXL
_2CC
999 _c460635
_d460635